Pád
Saved in:
| Main Author | |
|---|---|
| Format | Electronic eBook |
| Language | Czech |
| Published |
Kalibr
2025
|
| Edition | 1. elektronické vydání |
| Subjects | |
| Online Access | Dostupné v BOOKPORT po přihlášení pomocí eduID |
| ISBN | 978-80-284-0296-9 978-80-284-0295-2 |
| Physical Description | 1 online zdroj (352 stran) |
Cover
| LEADER | 00000nam a2200000 i 4500 | ||
|---|---|---|---|
| 001 | bkp725559930 | ||
| 003 | CZ-prgp | ||
| 005 | 20260505112216.0 | ||
| 006 | m o d | ||
| 007 | cr cn | ||
| 008 | 260505s2025 xr o 000 1 cze | ||
| 020 | |a 978-80-284-0296-9 |c 359 Kč |q (online ; epub) | ||
| 020 | |a 978-80-284-0295-2 |c 359 Kč |q (print) | ||
| 040 | |a Grada |b cze |e rda | ||
| 100 | 1 | |a Gilly, Macmillanová | |
| 245 | 1 | 0 | |a Pád |c Macmillanová Gilly |
| 250 | |a 1. elektronické vydání | ||
| 264 | 1 | |b Kalibr |c 2025 | |
| 300 | |a 1 online zdroj (352 stran) | ||
| 336 | |a text |b txt |2 rdacontent | ||
| 337 | |a počítač |b c |2 rdamedia | ||
| 338 | |a online zdroj |b cr |2 rdacarrier | ||
| 520 | 3 | |a Dávejte si pozor na to, co si přejete... Nechtěli byste třeba vyhrát v loterii? Život Nicole a Toma se ze dne na den změní díky výhře ve výši deseti milionů liber. Záhy se nastěhují se do supermoderní, skleněné přestavby stodoly v úžasném areálu panství Lancaut v Gloucestershire. Tento splněný sen se však rychle změní v noční můru, když je v bazénu nalezen Tom mrtvý. A vše nasvědčuje tomu, že tento čin musel spáchat někdo blízký. Jenže kromě mladého páru, který na panství bydlí, a jejich hospodyně ve vedlejším domě není v okolí široko daleko nikdo. Kdo tedy vraždil? A pořád byste chtěli vyhrát v loterii? | |
| 650 | 0 | 4 | |a Dobrodružství, napětí, thrillery |
| 650 | 0 | 4 | |a Horory |
| 856 | 4 | 0 | |u https://www.bookport.cz/AccountSaml/SignIn/?idp=https://shibboleth.utb.cz/idp/shibboleth&returnUrl=/kniha/pad-16023/ |y Dostupné v BOOKPORT po přihlášení pomocí eduID |